[Event "FRA-chT4 1314"]
[Site "Champagne Ardenne"]
[Date "2014.04.06"]
[Round "7.4"]
[White "Da Costa, Manuel1"]
[Black "Glod, Philippe"]
[Result "1/2-1/2"]
[WhiteElo "1842"]
[BlackElo "1905"]
[PlyCount "76"]
[EventDate "2013.10.25"]
[EventType "team-tourn"]
[EventRounds "7"]
[EventCountry "FRA"]
[SourceTitle "EXT 2024"]
[Source "ChessBase"]
[SourceDate "2023.10.10"]
[SourceVersion "1"]
[SourceVersionDate "2023.10.10"]
[SourceQuality "1"]

1. b3 e5 2. Bb2 Nc6 3. e3 d5 4. Bb5 Bd6 5. Nf3 Bg4 6. h3 Bxf3 7. Qxf3 Nf6 8. Nc3 e4 9. Qe2 0-0 10. Bxc6 bxc6 11. 0-0 Re8 12. d3 Qe7 13. dxe4 Nxe4 14. Nxe4 Qxe4 15. Qd3 Qe6 16. Rad1 f6 17. Qa6 c5 18. Qd3 Rad8 19. Kh1 Be5 20. Bxe5 fxe5 21. Qb5 Qb6 22. Qa4 Re6 23. Qh4 Rdd6 24. f4 exf4 25. Qxf4 Rf6 26. Qe5 Rfe6 27. Qf4 h6 28. Qf8+ Kh7 29. Rf7 Rg6 30. Rdf1 Qc6 31. R1f2 d4 32. exd4 cxd4 33. Qe7 d3 34. cxd3 Rxd3 35. Qxc7 Rxh3+ 36. Kg1 Qxc7 37. Rxc7 a6 38. Ra7 Rh5 1/2-1/2

[Event "Le Port Marly Paribas blitz op"]
[Site "Le Port Marly"]
[Date "2014.??.??"]
[Round "15"]
[White "Glod, Philippe"]
[Black "Ider, Borya"]
[Result "0-1"]
[WhiteElo "2145"]
[BlackElo "2379"]
[PlyCount "68"]
[EventDate "2014.06.14"]
[EventType "swiss (blitz)"]
[EventRounds "15"]
[EventCountry "FRA"]
[SourceTitle "EXT 2015"]
[Source "ChessBase"]
[SourceDate "2014.11.20"]
[SourceVersion "1"]
[SourceVersionDate "2014.11.20"]
[SourceQuality "1"]

1. e4 e6 2. d4 d5 3. e5 c5 4. c3 Nc6 5. Nf3 Qb6 6. a3 Nh6 7. b4 cxd4 8. cxd4 Nf5 9. Bb2 Bd7 10. g4 Nh6 11. h3 f6 12. Nc3 Nf7 13. Na4 Qd8 14. Bd3 fxe5 15. dxe5 Be7 16. Rc1 g6 17. Nc5 Bc8 18. h4 Nh6 19. h5 g5 20. Rg1 0-0 21. Bb1 Rf7 22. Nd4 Nxd4 23. Bxd4 b6 24. Nb3 Ba6 25. Be3 Rc8 26. Nd4 Qd7 27. Rxc8+ Qxc8 28. Qc2 Bc4 29. f3 a5 30. Bd2 axb4 31. Bxb4 Qc7 32. Kf2 Qxe5 33. Qd2 Qh2+ 34. Rg2 Nxg4+ 0-1

[Event "Le Port Marly Paribas blitz op"]
[Site "Le Port Marly"]
[Date "2013.06.15"]
[Round "3"]
[White "Mayer, Philippe"]
[Black "Glod, Philippe"]
[Result "1-0"]
[WhiteElo "2330"]
[BlackElo "2140"]
[PlyCount "83"]
[EventDate "2013.06.15"]
[EventType "swiss (blitz)"]
[EventRounds "15"]
[EventCountry "FRA"]
[SourceTitle "EXT 2014"]
[Source "ChessBase"]
[SourceDate "2013.11.20"]
[SourceVersion "1"]
[SourceVersionDate "2013.11.20"]
[SourceQuality "1"]

1. d4 Nf6 2. c4 g6 3. Nc3 d5 4. cxd5 Nxd5 5. e4 Nxc3 6. bxc3 Bg7 7. Be3 c5 8. Qd2 Qa5 9. Rc1 0-0 10. d5 f5 11. d6 exd6 12. Bc4+ Kh8 13. Ne2 Nc6 14. 0-0 Ne5 15. Bb3 fxe4 16. Qxd6 Nd3 17. Rcd1 Bg4 18. Rxd3 exd3 19. Nf4 Be2 20. Ne6 Qxc3 21. Nxg7 Kxg7 22. Bxc5 Bxf1 23. Bd4+ Qxd4 24. Qxd4+ Kh6 25. Kxf1 Rad8 26. Qe3+ Kg7 27. Qd2 Rf6 28. f3 Rc6 29. Kf2 Rcd6 30. Qc3+ Kh6 31. Qd2+ Kg7 32. g4 h6 33. h4 b5 34. h5 gxh5 35. Qf4 hxg4 36. Qf7+ Kh8 37. fxg4 d2 38. Bd1 Rd4 39. Qh5 Rf4+ 40. Kg3 Rf6 41. g5 Rf5 42. Qxh6+ 1-0

[Event "Cappelle op 29th"]
[Site "Cappelle la Grande"]
[Date "2013.02.26"]
[Round "5"]
[White "Shalnev, Nicolai"]
[Black "Glod, Philippe"]
[Result "1/2-1/2"]
[WhiteElo "2338"]
[BlackElo "1904"]
[PlyCount "39"]
[EventDate "2013.02.23"]
[EventType "swiss"]
[EventRounds "9"]
[EventCountry "FRA"]
[SourceTitle "CBM 153 Extra"]
[Source "ChessBase"]
[SourceDate "2013.04.22"]
[SourceVersion "1"]
[SourceVersionDate "2013.04.22"]
[SourceQuality "1"]

1. e4 e6 2. d4 d5 3. Nc3 Bb4 4. e5 Ne7 5. a3 Bxc3+ 6. bxc3 b6 7. Bb5+ c6 8. Bd3 Ba6 9. Bxa6 Nxa6 10. Qe2 Nb8 11. a4 Nd7 12. Nf3 c5 13. 0-0 0-0 14. g3 Qc7 15. Ba3 Rfe8 16. Rfd1 Rac8 17. Ra2 cxd4 18. cxd4 Qc4 19. Qxc4 Rxc4 20. Bxe7 1/2-1/2

[Event "FRA-chT2 1011"]
[Site "France"]
[Date "2010.11.14"]
[Round "3.7"]
[White "Glod, Philippe"]
[Black "Valin, Clement"]
[Result "1-0"]
[WhiteElo "2173"]
[BlackElo "2033"]
[PlyCount "73"]
[EventDate "2010.10.17"]
[EventType "team-tourn"]
[EventRounds "11"]
[EventCountry "FRA"]
[SourceTitle "EXT 2012"]
[Source "ChessBase"]
[SourceDate "2011.11.24"]
[SourceVersion "1"]
[SourceVersionDate "2011.11.24"]
[SourceQuality "1"]

1. e4 e6 2. d4 d5 3. e5 c5 4. c3 Nc6 5. Nf3 Qb6 6. a3 c4 7. Nbd2 Na5 8. Be2 f5 9. 0-0 Bd7 10. Rb1 Rc8 11. Kh1 Be7 12. Ng1 Nb3 13. Nxb3 Ba4 14. Nh3 Bxb3 15. Qe1 Qd8 16. Bd1 a5 17. Qe2 a4 18. g4 g6 19. gxf5 gxf5 20. Bxb3 axb3 21. Qh5+ Kd7 22. Qf7 Qe8 23. Ng5 Rc6 24. Qg7 Qh5 25. f3 Nh6 26. Qxh8 Bxg5 27. Bxg5 Nf7 28. Qg7 Rc8 29. Bd2 Kc6 30. Rf2 h6 31. Rg1 Rh8 32. Qg6 Qh4 33. Qxe6+ Kb5 34. Qxd5+ Ka4 35. Qxc4+ Ka5 36. Qd5+ Ka4 37. c4 1-0

[Event "FRA-chT2 0910"]
[Site "France"]
[Date "2010.01.24"]
[Round "7.3"]
[White "Glod, Philippe"]
[Black "Amoyal, Pierre"]
[Result "1/2-1/2"]
[WhiteElo "2172"]
[BlackElo "2184"]
[PlyCount "111"]
[EventDate "2009.09.27"]
[EventType "team-tourn"]
[EventRounds "11"]
[EventCountry "FRA"]
[SourceTitle "EXT 2011"]
[Source "ChessBase"]
[SourceDate "2010.11.26"]
[SourceVersion "1"]
[SourceVersionDate "2010.11.26"]
[SourceQuality "1"]

1. e4 d5 2. exd5 Qxd5 3. Nc3 Qd6 4. d4 Nf6 5. Nf3 c6 6. Ne5 Nbd7 7. Nc4 Qc7 8. Qf3 Nb6 9. h3 Be6 10. Ne5 Nbd5 11. Bc4 Rd8 12. 0-0 g6 13. Nxd5 Bxd5 14. Bxd5 Rxd5 15. Bf4 Qd8 16. Rad1 Bg7 17. c3 0-0 18. Nc4 Rf5 19. Ne3 Ra5 20. Ra1 Nd5 21. Nc4 Ra6 22. Be5 Bh6 23. Ne3 f6 24. Bg3 Nb6 25. Bf4 Bg7 26. Qe4 Qd7 27. Rfe1 Re8 28. Bg3 Ra5 29. Qc2 Nd5 30. Nc4 Ra6 31. a3 b5 32. Nd2 Rb6 33. Nb3 Qf5 34. Qxf5 gxf5 35. Bd6 Kf7 36. Bb4 e5 37. Nc5 e4 38. Ba5 Rbb8 39. g3 Bf8 40. Nd7 Rb7 41. Nxf8 Rxf8 42. Bb4 Rg8 43. Kh2 h5 44. Rg1 Ke6 45. Rae1 Rh7 46. Bc5 a5 47. f3 e3 48. b3 f4 49. gxf4 Rxg1 50. Kxg1 Rg7+ 51. Kh2 Kf5 52. c4 Nxf4 53. Rxe3 Rg2+ 54. Kh1 Rd2 55. cxb5 cxb5 56. h4 1/2-1/2

[Event "FRA-ch blitz"]
[Site "Paris"]
[Date "2009.01.25"]
[Round "2"]
[White "Glod, Philippe"]
[Black "Fressinet, Laurent"]
[Result "0-1"]
[WhiteElo "2201"]
[BlackElo "2675"]
[PlyCount "64"]
[EventDate "2009.01.25"]
[EventType "swiss (blitz)"]
[EventRounds "13"]
[EventCountry "FRA"]
[SourceTitle "EXT 2011"]
[Source "ChessBase"]
[SourceDate "2010.11.26"]
[SourceVersion "1"]
[SourceVersionDate "2010.11.26"]
[SourceQuality "1"]

1. e4 e5 2. Nf3 Nc6 3. Nc3 Nf6 4. a3 g6 5. d4 exd4 6. Nxd4 Bg7 7. Nxc6 bxc6 8. Bd3 0-0 9. 0-0 d5 10. exd5 cxd5 11. Bd2 c5 12. Re1 Bb7 13. Rb1 c4 14. Bf1 d4 15. Ne2 Ne4 16. Ng3 Nxd2 17. Qxd2 Rc8 18. Qb4 Qb6 19. Re7 Bd5 20. Rd7 Be6 21. Rb7 Qxb4 22. axb4 Rb8 23. Rxa7 Rxb4 24. Rc7 Rfb8 25. b3 cxb3 26. cxb3 Rxb3 27. Rxb3 Rxb3 28. Ra7 Be5 29. Ne4 Rb1 30. Ra4 Kg7 31. Nc5 Bf5 32. Ra3 Bd6 0-1

[Event "FRA-chT2 Nord 0708"]
[Site "France"]
[Date "2008.03.15"]
[Round "8.3"]
[White "Roger, Mehdi"]
[Black "Glod, Philippe"]
[Result "0-1"]
[WhiteElo "2199"]
[BlackElo "2174"]
[PlyCount "44"]
[EventDate "2007.10.21"]
[EventType "team-tourn"]
[EventRounds "11"]
[EventCountry "FRA"]
[SourceTitle "EXT 2009"]
[Source "ChessBase"]
[SourceDate "2008.11.26"]
[SourceVersion "1"]
[SourceVersionDate "2008.11.26"]
[SourceQuality "1"]
[WhiteTeam "Lille"]
[BlackTeam "Le Vesinet"]
[WhiteTeamCountry "FRA"]
[BlackTeamCountry "FRA"]

1. e4 e5 2. f4 exf4 3. Nf3 g5 4. Nc3 Bg7 5. d4 d6 6. Bb5+ Bd7 7. Bxd7+ Nxd7 8. 0-0 h6 9. Qd3 Ne7 10. d5 0-0 11. Nd4 c5 12. dxc6 bxc6 13. Nce2 Ne5 14. Qh3 Qc8 15. Qxc8 Rfxc8 16. b3 Rd8 17. Ba3 Ng4 18. Rfd1 Be5 19. h3 Ne3 20. Rd2 Ng6 21. Kf2 d5 22. Rg1 dxe4 0-1

[Event "FRA-chT2 Nord 0708"]
[Site "France"]
[Date "2007.12.16"]
[Round "4.4"]
[White "Sowray, Peter John"]
[Black "Glod, Philippe"]
[Result "0-1"]
[WhiteElo "2346"]
[BlackElo "2177"]
[PlyCount "58"]
[EventDate "2007.10.21"]
[EventType "team-tourn"]
[EventRounds "11"]
[EventCountry "FRA"]
[SourceTitle "EXT 2009"]
[Source "ChessBase"]
[SourceDate "2008.11.26"]
[SourceVersion "1"]
[SourceVersionDate "2008.11.26"]
[SourceQuality "1"]
[WhiteTeam "Rueil Malmaison"]
[BlackTeam "Le Vesinet"]
[WhiteTeamCountry "FRA"]
[BlackTeamCountry "FRA"]

1. d4 Nf6 2. Bg5 d5 3. Bxf6 exf6 4. e3 c6 5. c4 dxc4 6. Bxc4 Bd6 7. Nc3 0-0 8. Nge2 f5 9. Ng3 g6 10. Qf3 Be6 11. Bd3 Nd7 12. Nge2 Nb6 13. Nf4 Bc4 14. Bc2 Bxf4 15. Qxf4 Nd5 16. Nxd5 Qxd5 17. a3 Qa5+ 18. b4 Qd5 19. Qf3 Qb5 20. Kd2 a5 21. Rab1 axb4 22. Rxb4 Qa5 23. Rhb1 c5 24. dxc5 Qxc5 25. Qxb7 Rfd8+ 26. Kc1 Bd3 27. R1b2 Qc3 28. Rd4 Qe1+ 29. Bd1 Rac8+ 0-1

[Event "FRA-chT2 West 0607"]
[Site "France"]
[Date "2007.04.01"]
[Round "11.6"]
[White "Glod, Philippe"]
[Black "Primel, Dominique"]
[Result "1/2-1/2"]
[WhiteElo "2169"]
[BlackElo "2072"]
[PlyCount "55"]
[EventDate "2006.10.15"]
[EventType "team-tourn"]
[EventRounds "11"]
[EventCountry "FRA"]
[SourceTitle "EXT 2008"]
[Source "ChessBase"]
[SourceDate "2007.11.25"]
[SourceVersion "1"]
[SourceVersionDate "2007.11.25"]
[SourceQuality "1"]
[WhiteTeam "Le Vesinet"]
[BlackTeam "Sautron"]
[WhiteTeamCountry "FRA"]
[BlackTeamCountry "FRA"]

1. e4 c5 2. c3 Nf6 3. e5 Nd5 4. d4 cxd4 5. Nf3 e6 6. cxd4 b6 7. Bd3 Bb7 8. 0-0 d6 9. Nc3 Nxc3 10. bxc3 Qc7 11. Bf4 Nd7 12. Re1 Rc8 13. Rc1 dxe5 14. Nxe5 Nxe5 15. Bxe5 Bd6 16. Qh5 Bxe5 17. Rxe5 Kf8 18. f4 Qd7 19. Bb5 Bc6 20. Bxc6 Rxc6 21. f5 exf5 22. Rce1 Rf6 23. Qf3 g6 24. Qf4 Kg7 25. Re7 Qa4 26. Qe5 Rf8 27. d5 Qa3 28. Rc7 1/2-1/2

[Event "FRA-chT2 West 0607"]
[Site "France"]
[Date "2007.01.21"]
[Round "6.4"]
[White "Menager, Erwan"]
[Black "Glod, Philippe"]
[Result "1-0"]
[WhiteElo "2142"]
[BlackElo "2169"]
[PlyCount "91"]
[EventDate "2006.10.15"]
[EventType "team-tourn"]
[EventRounds "11"]
[EventCountry "FRA"]
[SourceTitle "EXT 2008"]
[Source "ChessBase"]
[SourceDate "2007.11.25"]
[SourceVersion "1"]
[SourceVersionDate "2007.11.25"]
[SourceQuality "1"]
[WhiteTeam "Tours"]
[BlackTeam "Le Vesinet"]
[WhiteTeamCountry "FRA"]
[BlackTeamCountry "FRA"]

1. e4 e5 2. Nf3 Nc6 3. Bb5 g6 4. 0-0 Bg7 5. c3 a6 6. Ba4 d6 7. h3 Nf6 8. Re1 0-0 9. d4 Bd7 10. Nbd2 Re8 11. Bc2 h6 12. Nf1 Nh5 13. Be3 Qf6 14. dxe5 Nxe5 15. Nxe5 Qxe5 16. Qd2 g5 17. Nh2 Qf6 18. Rad1 Rad8 19. Ng4 Bxg4 20. hxg4 Nf4 21. g3 Ng6 22. Kg2 Qe6 23. f3 Qxa2 24. b3 Qa5 25. b4 Qe5 26. Bd4 Qe6 27. Rh1 Be5 28. Bb1 Kg7 29. Ba2 Qf6 30. Qe3 b6 31. Bc4 a5 32. b5 Rh8 33. Rdf1 Rdf8 34. f4 Bxd4 35. cxd4 Rhg8 36. Rf2 d5 37. Bxd5 gxf4 38. gxf4 Rh8 39. Kg3 Ne7 40. Bc4 Qd6 41. Rh5 Rd8 42. d5 f6 43. e5 Qb4 44. exf6+ Kxf6 45. Qe6+ Kg7 46. d6 1-0

[Event "FRA-chT2 West 0607"]
[Site "France"]
[Date "2006.11.26"]
[Round "3.5"]
[White "Glod, Philippe"]
[Black "Restout, Bruce"]
[Result "1/2-1/2"]
[WhiteElo "2168"]
[BlackElo "2020"]
[PlyCount "73"]
[EventDate "2006.10.15"]
[EventType "team-tourn"]
[EventRounds "11"]
[EventCountry "FRA"]
[SourceTitle "EXT 2008"]
[Source "ChessBase"]
[SourceDate "2007.11.25"]
[SourceVersion "1"]
[SourceVersionDate "2007.11.25"]
[SourceQuality "1"]
[WhiteTeam "Le Vesinet"]
[BlackTeam "Agneaux Saint Lo"]
[WhiteTeamCountry "FRA"]
[BlackTeamCountry "FRA"]

1. e4 c5 2. c3 g6 3. d4 cxd4 4. cxd4 d5 5. exd5 Nf6 6. Nc3 Nxd5 7. Qb3 Nb6 8. a4 Bg7 9. a5 N6d7 10. Nf3 Nc6 11. Qa4 0-0 12. Bb5 Nxd4 13. Nxd4 Nc5 14. Qc4 Qxd4 15. Be3 Qxc4 16. Bxc4 Bxc3+ 17. bxc3 Ne4 18. 0-0 Nd6 19. Bd5 Be6 20. Bf3 Bc4 21. Rfd1 Ba6 22. Bc5 Rac8 23. Bb4 Rc7 24. Re1 Rfc8 25. Bg4 f5 26. Bf3 Bd3 27. Bd5+ Kg7 28. Be6 Re8 29. Rad1 Bc4 30. Bxd6 exd6 31. Bxc4 Rxe1+ 32. Rxe1 Rxc4 33. Re7+ Kf6 34. Rxb7 Ra4 35. Kf1 Rxa5 36. Rxh7 Ra2 37. Rd7 1/2-1/2

[Event "FRA-chT N1"]
[Site "France"]
[Date "2005.05.08"]
[Round "11"]
[White "Glod, Philippe"]
[Black "Reinert, Stephane"]
[Result "1-0"]
[WhiteElo "2180"]
[BlackElo "2104"]
[PlyCount "93"]
[EventDate "2005.05.05"]
[EventType "team-tourn"]
[EventRounds "11"]
[EventCountry "FRA"]
[SourceTitle "EXT 2006"]
[Source "ChessBase"]
[SourceDate "2005.11.24"]
[SourceVersion "1"]
[SourceVersionDate "2005.11.24"]
[SourceQuality "1"]

1. e4 d5 2. exd5 Qxd5 3. Nc3 Qa5 4. d4 c6 5. Nf3 Nf6 6. Bc4 Bf5 7. Bd2 e6 8. Qe2 Bb4 9. 0-0-0 Nbd7 10. Ne5 Nxe5 11. dxe5 Nd5 12. Bxd5 cxd5 13. Qb5+ Qxb5 14. Nxb5 Rc8 15. Nd4 Bxd2+ 16. Rxd2 Bg6 17. f4 a6 18. Re1 Be4 19. Re3 Rc4 20. b3 Rc5 21. Kb2 b5 22. a3 Ke7 23. Rc3 Rhc8 24. Rxc5 Rxc5 25. b4 Rc4 26. c3 h5 27. g3 g6 28. Nb3 Rc6 29. Nc5 Bf3 30. a4 bxa4 31. Nxa4 Kd8 32. Nc5 Kc7 33. Nb3 Kb6 34. Nd4 Be4 35. Nxc6 Kxc6 36. Rd4 Bf3 37. c4 dxc4 38. Rxc4+ Kb5 39. Kc3 Bd5 40. Rc5+ Kb6 41. Rc8 a5 42. bxa5+ Kxa5 43. Rf8 Be4 44. Kd4 Bf5 45. Kc5 Ka4 46. Rxf7 Kb3 47. Rxf5 1-0